| 000 | 00483nam a2200205Ia 4500 | ||
|---|---|---|---|
| 003 | 0100 | ||
| 008 | 130303s9999 xx 000 0 und d | ||
| 040 | _cARRUPELIB | ||
| 050 | _aBD450.G7 1953 | ||
| 100 | _aGroethuysen, Bernard | ||
| 245 | _aAnthropologie philosophique | ||
| 245 | _bavant-propos de henri meschonnic | ||
| 260 | _aParis | ||
| 260 | _bEditions Gallimard | ||
| 260 | _C1953 | ||
| 300 | _a284p. | ||
| 300 | _b 23 cm. | ||
| 650 | _aPHILOSOPHY | ||
| 942 | 0 | 0 | _01 |
| 999 |
_c53692 _d53692 |
||